| 000 | 00538nam a2200169Ia 4500 | ||
|---|---|---|---|
| 008 | 210716s1995 xx 000 0 und d | ||
| 020 | _a0415117542 | ||
| 041 | _aeng | ||
| 082 | _a658.4013 WILA | ||
| 100 | _aWilkinson, Adrian;Willmott, Hugh. | ||
| 245 |
_aMaking quality critical: new perspectives on organizational change. _bNew perspectives on organizational change. |
||
| 250 | _a1 | ||
| 260 |
_aNew York _bRoutledge _c1995 |
||
| 300 | _axii,247 | ||
| 650 | _aOperations Management | ||
| 700 | _aWilkinson, Adrian;Willmott, Hugh. | ||
| 999 |
_c198351 _d198351 |
||